[Event "GER-ch Women 2020"]
[Site "Magdeburg"]
[Date "2020.08.18"]
[Round "3.3"]
[White "Dietrich, Mareike"]
[Black "Von Herman, Brigitte"]
[Result "1-0"]
[WhiteElo "1699"]
[BlackElo "2085"]
[Annotator "TA"]
[PlyCount "44"]
[EventDate "2020.08.16"]
[EventType "swiss"]
[EventCountry "GER"]
[SourceTitle "playchess.com"]
[Source "ChessBase"]
[SourceQuality "1"]

{[%evp 14,44,-6,-22,0,-16,-17,-21,320,329,380,375,406,388,400,400,418,379,430,400,442,441,529,489,459,393,481,485,472,478,557,476,487]} 1. e4 e5 2. Nf3 Nc6 3. Bc4 Nf6 4. d4 exd4 5. O-O Nxe4 6. Re1 d5 7. Bxd5 Qxd5 {[#]} 8. Nc3 $1 {[%cal Rc3d5][%mdl 512]} Qd7 {8...Qh5 is a critical line. C56: Two Knights: 4 d4 exd4 5 0-0 Nxe4.} (8... dxc3 9. Qxd5) 9. Rxe4+ Be7 10. Nxd4 {[#]} O-O $146 {[%mdl 8192]} (10... f5 $1 $11 {and Black has nothing to worry.} 11. Rf4 O-O) ({Predecessor:} 10... Nxd4 11. Rxd4 Qf5 12. Nd5 Bd6 13. Bf4 Bxf4 14. Rxf4 Qe5 15. Qe1 {1-0 (15) Espinosa Veloz,E (2485)-Schitco,I (2467) chess.com INT 2020}) 11. Nxc6 $18 {[%mdl 64] Overworked Piece} Qxc6 12. Rxe7 Be6 13. Bf4 Rac8 14. Qd4 Rfd8 15. Qe5 Qb6 16. Qb5 Qd4 17. Bxc7 Rf8 18. Qg5 h6 19. Be5 {[%csl Ge5][%cal Rg5g7] [#]} hxg5 20. Bxd4 {White is clearly winning.} Rfd8 21. Be3 b5 22. Rb7 f6 {Black got outplayed after the opening} 1-0

[Event "GER-ch Women 2020"]
[Site "Magdeburg"]
[Date "2020.08.18"]
[Round "3.4"]
[White "Stowicek, Yara Mathilda"]
[Black "Osmanodja, Filiz"]
[Result "0-1"]
[WhiteElo "1674"]
[BlackElo "2293"]
[Annotator "TA"]
[PlyCount "108"]
[EventDate "2020.08.16"]
[EventType "swiss"]
[EventCountry "GER"]
[SourceTitle "playchess.com"]
[Source "ChessBase"]
[SourceQuality "1"]

{[%evp 11,108,12,18,16,27,25,41,14,29,13,98,18,31,30,81,66,75,-33,-33,-42,-38,-52,-39,-39,-15,-17,0,-65,-58,-89,-90,-95,-71,-161,-167,-168,-141,-141,-141,-141,-141,-141,-147,-261,-260,-242,-194,-308,-292,-301,-221,-429,-418,-405,-413,-404,-413,-400,-413,-414,-400,-410,-398,-393,-391,-547,-543,-700,-553,-715,-706,-1547,-1517,-5297,-5297,-1648,-954,-954,-951,-911,-914,-863,-837,-1013,-993,-1156,-1116,-1270,-1252,-1638,-1640,-1561,-1037,-1624,-1604,-1490,-1471,-5731,-1204]} 1. e4 e5 2. Nf3 Nc6 3. Bc4 Bc5 4. c3 Nf6 5. d3 d6 6. Bb3 Bb6 7. Nbd2 {C54: Giuoco Piano: 4 c3 Nf6, main lines with 5 d4 and 5 d3.} a6 8. O-O O-O 9. h3 {White is slightly better.} Ne7 {[#]} 10. Nh4 $146 ({Predecessor:} 10. Re1 Ng6 11. Nf1 Be6 12. Bc2 d5 13. exd5 Nxd5 14. Nxe5 Nxe5 15. Rxe5 Bxf2+ 16. Kh1 {1-0 (51) Abdul,M (2009)-Jamal,U (2084) Dhaka 2019}) 10... d5 (10... Nc6 $11) 11. Qe2 (11. exd5 $16 Nexd5 12. Nc4) 11... Re8 12. Re1 c5 (12... Be6 $11 {remains equal.}) 13. Nf1 c4 14. Bc2 (14. dxc4 $16 dxe4 15. Bg5) 14... cxd3 $15 15. Bxd3 dxe4 16. Bxe4 Nxe4 17. Qxe4 Nc6 18. Be3 Bc7 19. Ng3 (19. Nf5 $11) 19... g6 20. Rad1 {Black converts the advantage convincingly.} Qe7 $1 21. Nf3 {[#]} f5 $1 {[%cal Rf5e4]} 22. Qh4 (22. Qb1 $17 {was called for.}) 22... Qxh4 $19 23. Nxh4 e4 24. Ne2 Bd8 25. g3 Ne5 26. Nd4 Nd3 $36 {[%mdl 2112] Double Attack. Black is on the roll.} 27. Re2 (27. Rxd3 $17 exd3 28. Ng2) 27... f4 28. Bc1 {Threatening Rxd3!} Bxh3 {[#] Threatens to win with ...fxg3.} 29. Nhf3 (29. Rxd3 $142 $1 {[%mdl 512]} Bxh4 (29... exd3 30. Rxe8+) 30. Rdd2 fxg3 31. fxg3) 29... Bf6 30. Ne1 Bg4 ({Resist} 30... f3 31. Rc2 $19) 31. f3 $2 (31. Nxd3 {was the only defense.} Bxe2 32. Nxe2) 31... Nxc1 32. Rxc1 Bxd4+ 33. cxd4 exf3 34. Rxe8+ Rxe8 35. gxf4 {[%mdl 4096] Endgame KRB-KRN} Re2 36. Nd3 Rg2+ ({Weaker is} 36... Bf5 37. Rd1 $19) 37. Kf1 Rd2 38. Rc3 Bh3+ {Black is clearly winning.} 39. Ke1 Re2+ 40. Kd1 Bg4 41. Rc2 {[#]} f2 $1 {[%mdl 512]} 42. Nxf2 Rxf2+ {KRB-KR} 43. Kc1 Rxf4 44. Rd2 Rf1+ 45. Kc2 Bf5+ 46. Kc3 Rc1+ 47. Kb3 Kf7 48. d5 Ke7 49. d6+ Kd7 50. Rd4 Be6+ 51. Ka3 Rc6 52. Rb4 b5 53. Rh4 h5 {...Rc4 is the strong threat.} 54. Rf4 Rxd6 {Accuracy: White = 34%, Black = 78%.} 0-1

[Event "GER-ch Women 2020"]
[Site "Magdeburg"]
[Date "2020.08.18"]
[Round "3.5"]
[White "Just, Anita"]
[Black "Bluebaum, Johanna"]
[Result "1/2-1/2"]
[WhiteElo "1912"]
[BlackElo "2011"]
[Annotator "ChessBase"]
[PlyCount "127"]
[EventDate "2020.08.16"]
[EventType "swiss"]
[EventCountry "GER"]
[SourceTitle "playchess.com"]
[Source "ChessBase"]
[SourceQuality "1"]
[TimeControl "40/5400+30:1800+30"]

1. e4 {[%emt 0:00:00]} e6 {[%emt 0:00:00]} 2. d4 {[%emt 0:00:00]} d5 {[%emt 0:00:00]} 3. Nc3 {[%emt 0:00:00]} Nf6 {[%emt 0:00:19]} 4. Bg5 {[%emt 0:00:09]} Be7 {[%emt 0:00:33]} 5. e5 {[%emt 0:00:14]} Nfd7 {[%emt 0:00:37]} 6. Bxe7 {[%emt 0:00:07]} Qxe7 {[%emt 0:00:16]} 7. f4 {[%emt 0:00:11]} a6 {[%emt 0:00:48]} 8. Nf3 {[%emt 0:00:17]} c5 {[%emt 0:01:03]} 9. Qd2 {[%emt 0:00:26]} Nc6 {[%emt 0:00:50]} 10. dxc5 {[%emt 0:00:33]} Nxc5 {[%emt 0:01:00]} 11. O-O-O {[%emt 0:00:41]} b5 {[%emt 0:05:34]} 12. Bd3 {[%emt 0:04:12]} b4 {[%emt 0:00:46]} 13. Ne2 {[%emt 0:00:18]} a5 {[%emt 0:04:23]} 14. Kb1 {[%emt 0:09:21]} Ba6 {[%emt 0:10:47]} 15. Ned4 {[%emt 0:08:30]} Nxd4 {[%emt 0:07:31]} 16. Nxd4 {[%emt 0:00:11]} O-O {[%emt 0:03:57]} 17. g4 {[%emt 0:03:41]} a4 {[%emt 0:24:36]} 18. Nc6 {[%emt 0:26:28]} Qb7 {[%emt 0:01:01]} 19. Nxb4 {[%emt 0:01:35]} Rab8 {[%emt 0:04:46]} 20. a3 {[%emt 0:05:28]} Rfc8 {[%emt 0:04:34]} 21. Rhe1 {[%emt 0:04:17]} Bxd3 {[%emt 0:07:59]} 22. cxd3 {[%emt 0:04:21]} Qe7 {[%emt 0:01:38]} 23. f5 {[%emt 0:03:20]} Qh4 {[%emt 0:01:22]} 24. Rg1 {[%emt 0:08:12]} Nb3 {[%emt 0:00:49]} 25. Qg2 {[%emt 0:01:39]} Rb7 {[%emt 0:02:42]} 26. Qg3 {[%emt 0:08:35]} Qxg3 {[%emt 0:04:12]} 27. Rxg3 {[%emt 0:01:04]} Rbc7 {[%emt 0:00:40]} 28. Rgg1 {[%emt 0:01:17]} d4 {[%emt 0:01:45]} 29. fxe6 {[%emt 0:02:26]} fxe6 {[%emt 0:00:06]} 30. Rgf1 {[%emt 0:01:23]} Rc5 {[%emt 0:00:34]} 31. Rfe1 {[%emt 0:01:22]} Kf7 {[%emt 0:00:47]} 32. h4 {[%emt 0:01:02]} Ke7 {[%emt 0:00:21]} 33. Ka2 {[%emt 0:01:51]} Rf8 {[%emt 0:07:11]} 34. Rf1 {[%emt 0:00:40]} Rfc8 {[%emt 0:00:03]} 35. Kb1 {[%emt 0:01:12]} Rxe5 {[%emt 0:00:38]} 36. Rfe1 {[%emt 0:01:47]} Rxe1 {[%emt 0:00:44]} 37. Rxe1 {[%emt 0:00:03]} Nd2+ {[%emt 0:00:11]} 38. Ka2 {[%emt 0:00:30]} Nf3 {[%emt 0:00:35]} 39. Rf1 {[%emt 0:01:07]} Nxh4 {[%emt 0:01:37]} 40. Rf4 {[%emt 0:00:12]} e5 {[%emt 0:00:34]} 41. Rf2 {[%emt 0:31:10]} Ke6 {[%emt 0:31:56]} 42. b3 {[%emt 0:00:00]} axb3+ {[%emt 0:00:00]} 43. Kxb3 {[%emt 0:00:00]} Rc3+ {[%emt 0:00:00]} 44. Kb2 {[%emt 0:00:00]} Ng6 {[%emt 0:00:00]} 45. Rc2 {[%emt 0:00:00]} Rxc2+ {[%emt 0:00:00]} 46. Kxc2 {[%emt 0:00:00]} Ne7 {[%emt 0:00:00]} 47. Kd2 {[%emt 0:00:00]} g6 {[%emt 0:00:00]} 48. Ke2 {[%emt 0:00:00]} h5 {[%emt 0:00:00]} 49. gxh5 {[%emt 0:00:00]} gxh5 {[%emt 0:00:00]} 50. Kf3 {[%emt 0:00:00]} Kf5 {[%emt 0:00:00]} 51. a4 {[%emt 0:00:00]} h4 {[%emt 0:00:00]} 52. a5 {[%emt 0:00:00]} Nc8 {[%emt 0:00:00]} 53. Nc6 {[%emt 0:00:00]} h3 {[%emt 0:00:00]} 54. a6 {[%emt 0:00:00]} h2 {[%emt 0:00:00]} 55. Kg2 {[%emt 0:00:00]} Kf4 {[%emt 0:00:00]} 56. Kxh2 {[%emt 0:03:10]} e4 {[%emt 0:00:00]} 57. Nxd4 {[%emt 0:02:46]} exd3 {[%emt 0:00:00]} 58. Nb3 {[%emt 0:00:11]} Ke3 {[%emt 0:00:00]} 59. Kg2 {[%emt 0:01:11]} Na7 {[%emt 0:00:00]} 60. Kf1 {[%emt 0:00:33]} Nb5 {[%emt 0:00:11]} 61. Ke1 {[%emt 0:00:33]} Na7 {[%emt 0:00:29]} 62. Kd1 {[%emt 0:00:25]} Nc6 {[%emt 0:00:17]} 63. Ke1 {[%emt 0:00:43]} Na7 {[%emt 0:00:42]} 64. Kd1 {[%emt 0:00:05]} 1/2-1/2

[Event "GER-ch Women 2020"]
[Site "Magdeburg"]
[Date "2020.08.18"]
[Round "3.6"]
[White "Rogozenco, Teodora"]
[Black "Brunner, Sophia"]
[Result "1-0"]
[WhiteElo "1979"]
[BlackElo "1881"]
[Annotator "RC"]
[PlyCount "49"]
[EventDate "2020.08.16"]
[EventType "swiss"]
[EventCountry "GER"]
[SourceTitle "playchess.com"]
[Source "ChessBase"]
[SourceQuality "1"]
[TimeControl "40/5400+30:1800+30"]

1. d4 {[%emt 0:00:00]} Nf6 {[%emt 0:00:00]} 2. c4 {[%emt 0:00:00]} e6 {[%emt 0:00:00]} 3. Nc3 {[%emt 0:00:00]} d5 {[%emt 0:00:00]} 4. Bg5 {[%emt 0:00:08]} Be7 {[%emt 0:00:20]} 5. e3 {[%emt 0:00:37]} Nbd7 {[%emt 0:05:54]} 6. Nf3 {[%emt 0:00:31]} b6 {[%emt 0:09:51]} 7. cxd5 {[%emt 0:04:24]} Nxd5 {[%emt 0:05:56]} 8. Nxd5 {[%emt 0:01:52]} exd5 {[%emt 0:01:01]} 9. Bxe7 {[%emt 0:04:33]} Qxe7 {[%emt 0:00:10]} 10. Rc1 {[%emt 0:00:21]} Nb8 {[%emt 0:24:43]} 11. Bb5+ {[%emt 0:38:01]} Bd7 {[%emt 0:03:31]} 12. Bxd7+ {[%emt 0:00:42]} Qxd7 {[%emt 0:00:24]} 13. Ne5 {[%emt 0:00:42]} Qb5 {[%emt 0:18:22]} 14. Rxc7 {[%emt 0:03:03]} O-O {[%emt 0:02:21]} 15. Qe2 {[%emt 0:18:06]} Qa5+ {[%emt 0:03:00]} 16. Rc3 {[%emt 0:00:07]} f6 {[%emt 0:06:57]} 17. Nd3 {[%emt 0:01:23]} Qxa2 {[%emt 0:03:05]} 18. O-O {[%emt 0:00:08]} a5 {[%emt 0:04:28]} 19. Nf4 {[%emt 0:00:58]} Na6 {[%emt 0:02:23]} 20. Rfc1 {[%emt 0:00:43]} Qa4 {[%emt 0:00:21]} 21. Nxd5 {[%emt 0:00:28]} Rfb8 {[%emt 0:03:00]} 22. Qg4 {[%emt 0:00:22]} Kf7 {[%emt 0:01:09]} 23. Rc7+ {[%emt 0:00:46]} Nxc7 {[%emt 0:00:25]} 24. Rxc7+ {[%emt 0:00:07]} Ke8 {[%emt 0:00:28]} 25. Qe6+ {[%emt 0:00:05]} 1-0

[Event "GER-ch Women 2020"]
[Site "Magdeburg"]
[Date "2020.08.18"]
[Round "3.7"]
[White "Zimmer, Elke"]
[Black "Butenandt, Svenja"]
[Result "0-1"]
[WhiteElo "1952"]
[BlackElo "1879"]
[Annotator "TA"]
[PlyCount "86"]
[EventDate "2020.08.16"]
[EventType "swiss"]
[EventCountry "GER"]
[SourceTitle "playchess.com"]
[Source "ChessBase"]
[SourceQuality "1"]

{[%evp 13,86,-7,-1,-49,-43,-48,-38,-48,-52,-49,-43,-92,-85,-134,-69,-68,-64,-82,-82,-85,-80,-92,-92,-108,-97,-126,-125,-124,-124,-212,-169,-168,-201,-281,-287,-293,-268,-308,-237,-237,-237,-237,-230,-233,-237,-224,-228,-262,-247,-258,-256,-262,-260,-301,-274,-344,-272,-268,-266,-258,-254,-326,-277,-318,-318,-424,-425,-512,-506,-877,-889,-1083,-1041,-1020,-992]} 1. e4 c5 2. Nc3 Nc6 3. g3 g6 4. Bg2 Bg7 5. d3 d6 6. Be3 Rb8 7. Qd2 b5 8. Rb1 {B26: Closed Sicilian: 3 g3, lines with early Be3.} b4 9. Nd1 Nd4 10. c3 {Black is slightly better.} bxc3 11. Nxc3 {[#]} e6 $146 ({Predecessor:} 11... Qa5 12. Rd1 Nf6 13. Nf3 Nxf3+ 14. Bxf3 Bh3 15. Bh6 O-O 16. Bxg7 Kxg7 17. Ke2 Nd7 18. Rdg1 Be6 19. a3 Ne5 20. Bg2 Qa6 21. Bf1 Rxb2 {½-½ (21) Balaian,A-Staroverov,A (2302) Krasnodar 2004}) 12. h3 Ba6 $36 {[%mdl 2048] Black has strong initiative.} 13. Bxd4 Bxd4 (13... cxd4 $17 14. Nce2 Ne7) 14. Nge2 $15 Bg7 15. O-O {White is on the road to losing.} Ne7 16. b3 O-O 17. Rfd1 Nc6 18. Na4 Nb4 19. d4 Bxe2 20. Qxe2 Bxd4 21. e5 (21. Kh1 $17 {might work better.}) 21... d5 (21... Bxe5 22. Nxc5 $1 {[%mdl 512]} Qc7 23. Nd7 $17) 22. Rbc1 Qa5 23. a3 Nc6 $1 {[%csl LRb3,LRe5]} 24. Qc2 {If White can now play b4! this consolidates a bit.} Rfc8 (24... Nxe5 {[#]} 25. b4 $1 $19 {[%mdl 512]}) (24... Bxe5 25. Nxc5 Nd4 26. Qd3 $17) 25. Nxc5 Bxc5 ({Not} 25... Bxe5 26. Qe2 $17) 26. Qxc5 Qxc5 27. Rxc5 Nxe5 28. Rxc8+ Rxc8 $19 {[%mdl 4096] Endgame KRB-KRN} 29. f4 Nd7 30. Rd4 Rc1+ 31. Kf2 Rc2+ 32. Kf1 Nc5 33. Rb4 Rc3 34. Rb8+ Kg7 35. b4 Nd3 36. a4 Ra3 37. Ke2 Nc1+ {[%mdl 64] Discovered Attack} 38. Kd2 Nb3+ ({Less strong is} 38... Rxg3 39. Kxc1 Rxg2 40. Ra8 $17) 39. Kc3 Na5+ $1 {Black is clearly winning.} 40. Kc2 Nc6 41. Kb2 (41. Rc8 $142 Nxb4+ 42. Kd1) 41... Rxg3 ({Weaker is} 41... Nxb8 42. Kxa3 Kf6 43. Kb2 $17) 42. Rc8 Rxg2+ 43. Kc3 Rg3+ {Accuracy: White = 46%, Black = 91%.} 0-1

[Event "GER-ch Women 2020"]
[Site "Magdeburg"]
[Date "2020.08.18"]
[Round "3.8"]
[White "Hielscher, Ursula"]
[Black "Mehling, Katharina"]
[Result "0-1"]
[WhiteElo "1789"]
[BlackElo "1947"]
[Annotator "TA"]
[PlyCount "78"]
[EventDate "2020.08.16"]
[EventType "swiss"]
[EventCountry "GER"]
[SourceTitle "playchess.com"]
[Source "ChessBase"]
[SourceQuality "1"]

{[%evp 11,78,33,45,33,60,72,87,88,117,60,132,125,133,127,124,110,175,159,169,83,160,95,106,91,79,70,114,122,118,85,103,0,0,0,0,-140,-134,-142,-153,-109,-130,-122,-124,-122,85,48,36,-578,-578,-578,-572,-999,-998,-992,-992,-989,-973,-921,-912,-5814,-5418,-29987,-29988,-29986,-5385,-29993,-29994,-29996,-29997]} 1. d4 Nf6 2. c4 g6 3. Nc3 Bg7 4. e4 d6 5. f3 O-O 6. Bg5 h6 7. Be3 {E81: King's Indian: Sämisch: 6th move deviations (including 6 Be3 c6).} a6 8. Qd2 Kh7 9. O-O-O {White is better.} c6 10. Bd3 (10. e5 $16 Ne8 11. Bd3) 10... b5 (10... Qa5 $14) 11. e5 $16 {[#]} (11. cxb5 $6 axb5 12. b3 Qa5 $15) 11... Ng8 $146 ({Predecessor:} 11... Ne8 12. h4 h5 13. g4 bxc4 14. Bb1 dxe5 15. gxh5 Bf5 16. hxg6+ Bxg6 17. Ne4 exd4 18. Bxd4 Qxd4 19. Qxd4 Bxd4 20. Rxd4 {½-½ (62) Steinmacher,J-Babula,M (2315) Bad Mergentheim 1989}) 12. exd6 (12. cxb5 $6 axb5 13. Nge2 Qa5 $11) 12... exd6 13. Nge2 Be6 (13... Nd7 $16) 14. d5 $18 (14. cxb5 axb5 15. Nf4 Bc4 $11) 14... bxc4 15. Bxc4 (15. dxe6 $18 {is more deadly.} cxd3 16. Qxd3) 15... Bd7 ({Black should play} 15... Bxd5 16. Bxd5 (16. Nxd5 cxd5 17. Bxd5 Nc6 $14) 16... cxd5) 16. dxc6 (16. Bf4 $142) 16... Nxc6 $16 17. Qxd6 Ne5 18. Bd5 Bf5 19. Bxa8 Qxa8 20. Qd5 Qc8 21. g4 (21. Ng3 $16) 21... Be6 $1 $11 {[%cal Re6d5]} 22. Qc5 Qb7 {next ...Rb8 is good for Black.} 23. f4 (23. Bd4 $11 {remains equal.} Rc8 24. Qb6 Qxb6 25. Bxb6) 23... Nc4 $17 {[%csl Gc4][%cal Rb7b2][%mdl 1024] Black has strong compensation.} 24. b3 Rc8 25. Qa7 Qb4 26. Bd4 Qa3+ 27. Kc2 {[#]} Qb2+ $2 (27... Nd6 $1 $17 {[%cal Rd6b5]} 28. Kb1 Bxb3 29. axb3 Qxb3+ 30. Ka1 Nb5) 28. Kd3 $14 {Hoping for Bxg7.} Nf6 29. bxc4 $4 {[%mdl 8192] Loses the game.} (29. h3 $1 $14 {was forced to keep a grip.} Nd6 30. Rc1 (30. Ke3 Re8 $11)) 29... Bxc4+ $19 30. Ke3 {Rhe1 is the strong threat.} Re8+ 31. Be5 {And now Rhg1 would win.} Nxg4+ {[%mdl 64] Double Attack} 32. Kf3 Nxe5+ 33. fxe5 Rxe5 {[%cal Rc4e2]} 34. Rhe1 Rf5+ 35. Kg2 Bxc3 36. Qe7 Bxe1 37. Rxe1 {[#]} Qd2 $1 38. Qh4 Bxe2 39. Rg1 Qd5+ {Accuracy: White = 40%, Black = 55%.} 0-1

[Event "GER-ch Women 2020"]
[Site "Magdeburg"]
[Date "2020.08.18"]
[Round "3.9"]
[White "Reitz, Theresa"]
[Black "Heutling, Elina"]
[Result "0-1"]
[WhiteElo "1942"]
[BlackElo "1833"]
[Annotator "TA"]
[PlyCount "86"]
[EventDate "2020.08.16"]
[EventType "swiss"]
[EventCountry "GER"]
[SourceTitle "playchess.com"]
[Source "ChessBase"]
[SourceQuality "1"]

{[%evp 9,86,15,19,7,7,8,19,11,23,0,3,0,-2,-19,5,-22,-32,-39,-14,-6,-5,-16,-22,-132,-62,-62,-43,-122,-20,-45,-7,-101,-102,-98,-100,-97,-95,-484,-106,-210,-260,-195,-94,-297,-313,-303,-291,-652,-560,-552,-552,-535,-499,-1041,-1020,-1042,-550,-532,-528,-849,-505,-559,-551,-536,-422,-558,-558,-782,-780,-776,-483,-675,-518,-625,-508,-508,-512,-472,-487]} 1. d4 Nf6 2. Nf3 g6 3. Nbd2 Bg7 4. e3 c5 5. dxc5 Qa5 6. a3 {A48: 1 d4 Nf6 2 Nf3 g6: Torre, London and Colle Systems.} Qxc5 7. b4 Qc7 8. Bb2 {The position is equal.} d6 {[#]} 9. Ne4 $146 ({Predecessor:} 9. Be2 O-O 10. c4 b6 11. O-O Bb7 12. Rc1 Nbd7 13. Nb3 Rac8 14. h3 Qb8 15. Nbd2 Rc7 16. Qb3 Rfc8 17. Rc2 Qa8 18. Rd1 a6 19. Bf1 e6 20. Ba1 Rb8 21. Rdc1 Rbc8 22. Rd1 Qb8 {½-½ (22) Bryzgalin,K (2465)-Greenfeld,A (2552) Dresden 2013}) 9... Nbd7 10. c4 O-O 11. Nc3 a6 12. Qb3 Nb6 13. Rc1 Bg4 14. Nd5 Nfxd5 15. cxd5 Qd7 16. Bd4 (16. Bxg7 $11 Kxg7 17. Be2) 16... Bxd4 (16... Rfc8 $17 17. Rxc8+ Rxc8 18. Bxg7 (18. Bxb6 $2 Rc3 $19) 18... Kxg7 19. Qb2+ Kg8) 17. Nxd4 $15 Rac8 18. Rxc8 (18. Ra1 $1 $15) 18... Qxc8 ({Inferior is} 18... Nxc8 19. f3 $14) (18... Rxc8 $17 19. Kd2 Qc7) 19. Kd2 $1 $11 Bd7 20. Bd3 (20. Be2 $11 {remains equal.}) 20... Ba4 $36 {[%mdl 2048] Black is on the roll.} 21. Qa2 Qg4 $1 {[%cal Rg4g2]} 22. g3 Rc8 23. e4 $2 {[%mdl 8192] [#]} (23. h3 $17 Qg5 24. h4) 23... Qh3 $2 (23... Nc4+ $1 $19 {[%mdl 512] has better winning chances.} 24. Bxc4 Qxe4 {[%mdl 64] Double Attack}) 24. Bf1 {[#]} (24. Qa1 $17 {might work better.}) 24... Qh5 $1 $19 {[%cal Rh5d1][%mdl 512] ( -> ...Qd1+)} 25. Bd3 {[#]} Qe5 (25... Bb5 $1 $19 {[%mdl 512] and Black stays clearly on top. Hoping for ...Nc4+.} 26. Qb2 (26. Bxb5 axb5) 26... Qh6+ 27. f4 Qh3) 26. Ke3 $2 (26. Qa1 $17) 26... Rc3 {And now ...f5 would win.} 27. f4 Qf6 28. Nf3 $2 (28. Rb1) 28... Bb5 {Black is clearly winning.} 29. Rd1 Nc4+ 30. Ke2 Nxa3 31. Ne1 (31. Bxb5 $142 Rc2+ 32. Qxc2 Nxc2 33. Ba4 Nxb4 34. Rd4) 31... Qd4 32. Bxb5 Qxe4+ 33. Kf2 Nxb5 34. Qb2 Qe3+ 35. Kf1 Rb3 36. Qc2 Qc3 37. Qe4 Rxb4 38. Qxe7 Qc4+ 39. Rd3 Rb3 40. Qe8+ Kg7 41. Qe3 Rxd3 42. Qxd3 Qxd3+ 43. Nxd3 Nc3 {Accuracy: White = 37%, Black = 60%.} 0-1

[Event "GER-ch Women 2020"]
[Site "Magdeburg"]
[Date "2020.08.18"]
[Round "3.10"]
[White "Schumann, Rabea"]
[Black "Kuehnel, Lena"]
[Result "0-1"]
[WhiteElo "1871"]
[BlackElo "1972"]
[Annotator "TA"]
[PlyCount "96"]
[EventDate "2020.08.16"]
[EventType "swiss"]
[EventCountry "GER"]
[SourceTitle "playchess.com"]
[Source "ChessBase"]
[SourceQuality "1"]

{[%evp 11,96,-16,-2,-16,-18,-24,-11,-39,-35,-27,-22,-43,-38,-38,-39,-150,-42,-55,-52,-68,-72,-72,-79,-65,-70,-68,-60,-72,-68,-79,-67,-58,-48,-49,-46,-48,-53,-47,-41,-33,-33,-29,-48,-39,-34,-32,-33,-245,-122,-336,-173,-320,-208,-542,-535,-556,-560,-867,-869,-859,-862,-997,-997,-1081,-715,-712,-707,-689,-633,-608,-581,-570,-440,-466,-432,-436,-354,-699,-693,-756,-663,-757,-727,-704,-598,-5033,-683]} 1. c4 e6 2. Nf3 d5 3. g3 Nf6 4. Bg2 c5 5. O-O Nc6 6. b3 d4 7. d3 {A13: English Opening: 1...e6.} Bd6 8. e3 O-O 9. Na3 {The position is equal.} Re8 10. Nc2 e5 {[#]} 11. a3 $146 ({Predecessor:} 11. e4 Bf8 12. h3 a6 13. Nh2 b5 14. f4 Nd7 15. Bf3 bxc4 16. bxc4 Rb8 17. Bg4 exf4 18. gxf4 {1-0 (51) Shetty,A (2366)-Zhang,C (2119) Philadelphia 2016}) 11... a5 12. Rb1 h6 13. Re1 {[#]} (13. exd4 $15 exd4 14. b4) 13... Bf5 (13... e4 $1 $17 14. dxe4 Nxe4) 14. exd4 $15 cxd4 15. Bb2 Nd7 16. Ba1 Nc5 17. Bf1 Na6 18. Nd2 Bh7 19. Ne4 Bf8 20. f3 f5 21. Nf2 Qf6 22. Qd2 Nc7 23. b4 axb4 24. axb4 {Black should prevent b5.} Ne6 25. b5 Ne7 26. Bg2 f4 27. Ng4 {[%mdl 64] [#] Double Attack} Qg5 28. Rxe5 Nf5 29. h4 $2 {Black converts the advantage convincingly.} (29. Rbe1 $15 Qg6 30. Bh3 (30. gxf4 h5 $15)) 29... Qd8 (29... Qg6 $19 {Hoping for ...Bd6.} 30. Bh3 Kh8) 30. gxf4 $2 (30. Rbe1 $17 {is a better defense.} Ne3 31. gxf4 Nxc2 32. Qxc2) 30... Nxh4 (30... Bd6 $142 31. h5 Bxe5 32. fxe5 Qh4) 31. Rd5 (31. Rbe1 $142 Bf5 32. Qf2) 31... Qc7 32. Bxd4 $2 (32. Ne5 {nothing else works.} Qa5 33. Qc1) 32... Nxf4 $19 {White must now prevent ...Re2.} 33. Be5 Rxe5 ({Weaker is} 33... Nfxg2 34. Bxc7 Nxf3+ 35. Kxg2 $17) 34. Nxe5 Nxd5 35. f4 Nxg2 36. Kxg2 Ra2 {And now ...Rxc2! would win.} 37. Rc1 Nf6 38. Ra1 Rxa1 39. Nxa1 Bd6 40. Qe2 Nd7 41. d4 Nf6 42. Nb3 b6 43. Nd2 Qb7+ 44. d5 $2 (44. Qf3 Ne4 45. Kh2) 44... Qe7 {Black is clearly winning.} 45. Qe3 Nd7 46. Kf3 Bxe5 47. fxe5 Qxe5 48. Qa3 Bc2 {Accuracy: White = 53%, Black = 70%.} 0-1

[Event "GER-ch Women 2020"]
[Site "Magdeburg"]
[Date "2020.08.18"]
[Round "3.11"]
[White "Kopylov, Luba"]
[Black "Roos, Karin"]
[Result "1-0"]
[WhiteElo "2027"]
[BlackElo "1772"]
[Annotator "RC"]
[PlyCount "55"]
[EventDate "2020.08.16"]
[EventType "swiss"]
[EventCountry "GER"]
[SourceTitle "playchess.com"]
[Source "ChessBase"]
[SourceQuality "1"]
[TimeControl "40/5400+30:1800+30"]

1. d4 {[%emt 0:00:00]} Nf6 {[%emt 0:01:30]} 2. c4 {[%emt 0:00:00]} g6 {[%emt 0:00:57]} 3. Nc3 {[%emt 0:00:08]} Bg7 {[%emt 0:00:32]} 4. e4 {[%emt 0:00:07]} d6 {[%emt 0:00:05]} 5. f3 {[%emt 0:00:06]} Nbd7 {[%emt 0:13:01]} 6. Be3 {[%emt 0:00:20]} O-O {[%emt 0:00:26]} 7. Qd2 {[%emt 0:00:57]} e5 {[%emt 0:01:07]} 8. d5 {[%emt 0:00:39]} a5 {[%emt 0:10:12]} 9. Nge2 {[%emt 0:03:46]} Nc5 {[%emt 0:03:52]} 10. O-O-O {[%emt 0:04:59]} Bd7 {[%emt 0:04:31]} 11. g4 {[%emt 0:02:37]} Qe8 12. Ng3 {[%emt 0:02:04]} Ba4 {[%emt 0:15:27]} 13. Nxa4 {[%emt 0:04:18]} Qxa4 {[%emt 0:03:22]} 14. Kb1 {[%emt 0:01:52]} Nfd7 {[%emt 0:03:31]} 15. Rg1 {[%emt 0:16:01]} Nb6 {[%emt 0:06:54]} 16. Qc1 {[%emt 0:01:30]} Na6 {[%emt 0:03:40]} 17. b3 {[%emt 0:15:56]} Qb4 {[%emt 0:06:39]} 18. Bh6 {[%emt 0:10:29]} a4 {[%emt 0:01:12]} 19. Nf5 {[%emt 0:00:29]} axb3 {[%emt 0:05:38]} 20. a3 {[%emt 0:00:23]} b2 {[%emt 0:02:36]} 21. Ne7+ {[%emt 0:00:31]} Kh8 {[%emt 0:00:14]} 22. Bxg7+ {[%emt 0:00:06]} Kxg7 {[%emt 0:00:08]} 23. Nf5+ {[%emt 0:00:22]} Kh8 {[%emt 0:01:14]} 24. Qh6 {[%emt 0:01:18]} Rg8 {[%emt 0:00:44]} 25. axb4 {[%emt 0:00:05]} Nxb4 {[%emt 0:01:20]} 26. Rg3 {[%emt 0:01:40]} gxf5 {[%emt 0:05:17]} 27. Qf6+ {[%emt 0:00:21]} Rg7 {[%emt 0:01:56]} 28. gxf5 {[%emt 0:00:03]} 1-0